000 00325nam a22001457a 4500
003 SGT
020 _a9788189128654
082 _bSIN
100 _aSINGLA ANU DR.
245 _aFORENSIC SCIENCE UGC NET/ JRF MCQS
250 _a3RD
260 _bSELECTIVE & SCIENTIFIC BOOKS
_c2017
300 _a523
942 _2ddc
_cBK
_0155
999 _c16497
_d16497